000 00795pam a2200241 a 4500
001 2436783
003 OSt
005 20160818144917.0
008 880628s1989 paua b 001 0 eng c
010 _a 88013311
020 _a0397508220
040 _aDNLM/DLC
_cDLC
_dDLC
082 _aWB 460
_bP371 1989
245 0 0 _aPediatric physical therapy /
_c[edited by] Jan Stephen Tecklin ; with 14 contributors.
260 _aPhiladelphia :
_bLippincott,
_c1989.
300 _axiii, 354 p. :
_bill. ;
_c24 cm.
504 _aIncludes bibliographies and index.
650 0 _aPhysical therapy for children.
_910778
650 2 _aPhysical Therapy
_xin infancy & childhood.
_910779
700 1 _aTecklin, Jan Stephen.
_910780
906 _a7
_bcbc
_corignew
_d1
_eocip
_f19
_gy-gencatlg
942 _2z
_cO_SHELF
999 _c5035
_d5035